Sobredosis
সংরক্ষণ করুন:
| প্রধান লেখক: | |
|---|---|
| বিন্যাস: | গ্রন্থ |
| ভাষা: | স্প্যানিশ |
| প্রকাশিত: |
Santiago
Alfaguara
2000
|
| সংস্করন: | 9a. ed |
| বিষয়গুলি: | |
| ট্যাগগুলো: |
ট্যাগ যুক্ত করুন
কোনো ট্যাগ নেই, প্রথমজন হিসাবে ট্যাগ করুন!
|
MARC
| LEADER | 00000nam a2200000 a 4500 | ||
|---|---|---|---|
| 001 | UCH6303 | ||
| 003 | CL-VaPUC | ||
| 008 | 091109e20000000CL |||||||||||||||||spa|d | ||
| 082 | 0 | 4 | |a Ch863 |b FUG |2 21 |
| 100 | 0 | |a Fuguet, Alberto |e author |9 542751 | |
| 245 | 1 | 0 | |a Sobredosis |
| 250 | |a 9a. ed | ||
| 300 | |a 132 p | ||
| 942 | |c BK | ||
| 945 | |d 20091109 00:00:00 |a lazolas | ||
| 260 | |a Santiago |b Alfaguara |c 2000 | ||
| 650 | 0 | |a Cuentos chilenos |9 308280 | |
| 583 | |a last modification |c 20091109 00:00:00 |k Rodrigo Vera | ||
| 999 | |c 337218 |d 337216 | ||